000 00298nam a22001337a 4500
008 181224b xxu||||| |||| 00| 0 eng d
020 _a9781845733261
041 _aeng
080 _a572
100 _a24
101 _aANT
245 _aMapping History Ancient World
_cBarnes,I
942 _2udc
_cBK
999 _c53757
_d53757